| 000 | 00540nam a2200181Ia 4500 | ||
|---|---|---|---|
| 001 | 68905 | ||
| 008 | 150918s9999 xx 000 0 und d | ||
| 020 | _a0805023372 | ||
| 040 | _cPK-LaUMT | ||
| 082 |
_aRCC 508.7014 _bHOW-P |
||
| 100 | _aHoward Ensign Evans | ||
| 245 |
_aPioneer naturalists _bthe discovery and naming of North American plants and animals _cHoward Ensign Evans |
||
| 260 |
_aNew York,USA: _bHenry Holt and Co., _c1993 |
||
| 300 | _a294 p. | ||
| 546 | _aEN | ||
| 650 | _aNaturalists-North America-Biography | ||
| 942 | _cBK | ||
| 999 |
_c76460 _d76460 |
||